000 00688cam a2200217 4500
001
008 000000n2001 000 0 eng u
020 _a1903202094
035 _a(Sirsi) u113250
050 _a331.2166
110 _aMirza and Nacey Research
_91403
245 _aQuantity surveyors fees : a survey of the fees charged by professional quantity surveying practices
260 _aFord, West Sussex
_bMirza & Nacey Research
_c2001
350 _a125.00
520 _aFOR REFERENCE ONLY IN THE LIBRARY - NOT TO BE PHOTOCOPIED
650 _aPROFESSIONAL FEES
650 _aMARKET SURVEYS
650 _aSALARY SURVEYS
690 _aQuantity surveying
_96263
942 _n0
999 _c101510
_d101510